000 00931nam a22002177a 4500
008 110427r19962010ii|||||r|||| 001 0 eng d
020 _a9788123915968 (pt.1)
020 _a8123915975 (pt.2)
020 _a9788123915975 (pt.2)
082 _222
_a624.18341
_bSOL
100 _923417
_aSolomon, S. K.
245 _aReinforced Concrete Design. pt.1 /
_cS. K. Solomon
260 _aNew Delhi :
_bCBS Pub. , 1992-1996
_c1992-996
300 _a2v. (various pagings) :
_bill. ;
_c22 cm.
500 _aIncludes index
650 _917951
_aReinforced concrete construction.
653 _bCiv
_cApril2011
942 _2ddc
_cBB
999 _c15200
_d15200